Skúsenosti pre Slovensko - II. časť Samospráva v belgickom Flámsku

Bibliographic Details
Main Authors: Malíková, Ľudmila, 1949- (Author), Konečný, Stanislav, 1949- (Author)
Format: Article
Language:Slovak
PhysicalDescription:Fotogr. 1
Subjects:

MARC

LEADER 00000nab a2200000 a 4500
001 vtls000578829
003 SK-MaSNL
005 20260304040340.0
008 120930c1996 xo 0 slo
015 |a SNBRB19rr/mm-uuuuu 
035 |a CL0578967 
040 |a SNKBUCL  |b slo  |c SNKBUCL  |e AACR2 
041 0 |a slo 
044 |a xo  |c SK 
080 |a 352/353(493)  |2 1981 
100 1 |a Malíková, Ľudmila,  |d 1949-  |4 aut  |9 201735 
245 1 0 |a Skúsenosti pre Slovensko - II. časť  |b Samospráva v belgickom Flámsku  |c Ľudmila Malíková, Stanislav Konečný 
300 |b Fotogr. 1 
500 |a Dokončenie 
650 0 7 |a verejná správa  |2 snkbucl  |9 1538 
651 7 |a Belgicko  |2 snkbucl  |9 145816 
655 7 |a články z novín a časopisov  |2 snkbucl  |9 267496 
700 1 |a Konečný, Stanislav,  |d 1949-  |4 aut  |9 5274 
773 0 |t Obecné noviny  |g Roč. 6, č. 11 (1996), s. 20 
850 |a Slovenská národná knižnica v Martine  |a MTA001 
852 |a SNK  |b KIS3GCP 
958 |a RK 
992 |a RBX 
999 |c 2662813  |d 2664743